Les 100 meilleurs joueurs de fifa 23 - Statistiques

Statistiques générales
  • Ce quiz a été pris 178 fois
  • Le résultat moyen est 36 sur 100
Statistiques - réponses
NOTE JOUEUR % Correct
98 MESSI
99%
95 | 96 | 97 RONALDO
96%
97 MBAPPE
94%
96 | 97 HAALAND
81%
95 | 96 | 98 | 99 PELE
76%
97 DE BRUYNE
75%
96 NEYMAR
69%
97 BENZEMA
66%
96 COURTOIS
61%
95 | 96 | 97 ZIDANE
61%
97 LEWANDOWSKI
59%
96 | 97 MODRIC
53%
95 VINICIUS
53%
96 SALAH
49%
96 | 98 VAN DIJK
48%
97 KROOS
47%
95 KANE
45%
95 RONALDINHO
45%
95 MANE
42%
95 SILVA
42%
95 PEDRI
37%
98 HENRY
36%
97 DEMBELE
35%
95 | 97 BELLINGHAM
32%
95 MULLER
31%
96 KANTE
29%
96 KIMMICH
29%
97 LEAO
26%
96 RUDIGER
26%
95 MARTINEZ
25%
97 FERNANDES
24%
95 MALDINI
24%
97 POGBA
24%
96 DE JONG
23%
95 MARQUINHOS
23%
95 MILITAO
22%
95 RASHFORD
22%
95 MAHREZ
19%
96 LLORIS
18%
97 MUSIALA
18%
95 XAVI
18%
95 DYBALA
16%
96 DE LIGT
14%
96 ETO'O
14%
95 GORETZKA
14%
95 NKUNKU
14%
98 GARRINCHA
13%
95 LACAZETTE
13%
96 DIAZ
12%
95 SANCHEZ
12%
95 ALBA
11%
95 BARELLA
11%
95 BUSQUETS
11%
95 VAN BASTEN
11%
95 FIGO
10%
95 PUSKAS
10%
96 DEPAY
9%
95 UPAMECANO
9%
95 BARESI
8%
95 DEL PIERO
8%
95 MAGUIRE
7%
96 FELIX
6%
95 JOTA
6%
97 MARTIAL
6%
95 PETIT
6%
96 VAN PERSIE
6%
95 SOCRATES
5%
95 SEEDORF
3%
95 KLOSTERMANN
2%
95 RIJKAARD
1%
97 SCHWEINSTEGER
1%
96 KVARASHTELIA
0%
97 OHSIMEN
0%
Aucun quiz correspondant
Distribution des résultats
% des personnes avec chaque résultat
Percentile par nombre de réponses
Votre historique - résultats
Vous n’avez pas pris ce quiz